<?xml version="1.0" encoding="UTF-8"?>
<record
    xmlns:xsi="http://www.w3.org/2001/XMLSchema-instance"
    xsi:schemaLocation="http://www.loc.gov/MARC21/slim http://www.loc.gov/standards/marcxml/schema/MARC21slim.xsd"
    xmlns="http://www.loc.gov/MARC21/slim">

  <leader>01589nam0a2200361   4500</leader>
  <controlfield tag="001">RU\NLR\bibl\968047</controlfield>
  <controlfield tag="005">20250614210335.0</controlfield>
  <datafield tag="010" ind1=" " ind2=" ">
    <subfield code="a">5-472-01181-7</subfield>
    <subfield code="9">3000</subfield>
  </datafield>
  <datafield tag="021" ind1=" " ind2=" ">
    <subfield code="a">RU</subfield>
    <subfield code="b">2006-30698</subfield>
    <subfield code="9">1528</subfield>
  </datafield>
  <datafield tag="035" ind1=" " ind2=" ">
    <subfield code="a">(nilc)RSL-KNO-002890592</subfield>
  </datafield>
  <datafield tag="035" ind1=" " ind2=" ">
    <subfield code="a">(NLR Aleph) 000956023</subfield>
  </datafield>
  <datafield tag="090" ind1=" " ind2=" ">
    <subfield code="a">309688</subfield>
    <subfield code="c">309688</subfield>
  </datafield>
  <datafield tag="100" ind1=" " ind2=" ">
    <subfield code="a">20060524d2006    |||y0rusy50      ca</subfield>
  </datafield>
  <datafield tag="101" ind1="0" ind2=" ">
    <subfield code="a">rus</subfield>
  </datafield>
  <datafield tag="102" ind1=" " ind2=" ">
    <subfield code="a">RU</subfield>
  </datafield>
  <datafield tag="105" ind1=" " ind2=" ">
    <subfield code="a">a   |||||||||</subfield>
  </datafield>
  <datafield tag="106" ind1=" " ind2=" ">
    <subfield code="a">r</subfield>
  </datafield>
  <datafield tag="200" ind1="1" ind2=" ">
    <subfield code="a">&#x418;&#x43D;&#x442;&#x435;&#x433;&#x440;&#x430;&#x446;&#x438;&#x44F; &#x444;&#x438;&#x43D;&#x430;&#x43D;&#x441;&#x43E;&#x432;&#x44B;&#x445; &#x443;&#x441;&#x43B;&#x443;&#x433;</subfield>
    <subfield code="e">[&#x438;&#x43D;&#x442;&#x435;&#x433;&#x440;&#x430;&#x446;. &#x43F;&#x440;&#x43E;&#x446;&#x435;&#x441;&#x441;&#x44B; &#x43D;&#x430; &#x440;&#x44B;&#x43D;&#x43A;&#x435; &#x444;&#x438;&#x43D;&#x430;&#x43D;&#x441;&#x43E;&#x432;&#x44B;&#x445; &#x443;&#x441;&#x43B;&#x443;&#x433;, &#x430;&#x43D;&#x430;&#x43B;&#x438;&#x437; &#x43C;&#x438;&#x440;&#x43E;&#x432;&#x43E;&#x433;&#x43E; &#x440;&#x44B;&#x43D;&#x43A;&#x430; &#x441;&#x43B;&#x438;&#x44F;&#x43D;&#x438;&#x439;/&#x43F;&#x43E;&#x433;&#x43B;&#x43E;&#x449;&#x435;&#x43D;&#x438;&#x439; &#x432; &#x441;&#x444;&#x435;&#x440;&#x435; &#x444;&#x438;&#x43D;&#x430;&#x43D;&#x441;&#x43E;&#x432;&#x44B;&#x445; &#x443;&#x441;&#x43B;&#x443;&#x433;, &#x43C;&#x435;&#x442;&#x43E;&#x434;. &#x43F;&#x43E;&#x434;&#x445;&#x43E;&#x434;&#x44B; &#x43A; &#x43F;&#x43B;&#x430;&#x43D;&#x438;&#x440;&#x43E;&#x432;&#x430;&#x43D;&#x438;&#x44E; &#x438; &#x440;&#x435;&#x430;&#x43B;&#x438;&#x437;&#x430;&#x446;&#x438;&#x438; &#x441;&#x434;&#x435;&#x43B;&#x43A;&#x438; &#x441;&#x43B;&#x438;&#x44F;&#x43D;&#x438;&#x44F;/&#x43F;&#x43E;&#x433;&#x43B;&#x43E;&#x449;&#x435;&#x43D;&#x438;&#x44F;]</subfield>
    <subfield code="f">&#x410;. &#x418;. &#x414;&#x440;&#x43E;&#x433;&#x43E;&#x431;&#x44B;&#x446;&#x43A;&#x438;&#x439;</subfield>
  </datafield>
  <datafield tag="210" ind1=" " ind2=" ">
    <subfield code="a">&#x41C;&#x43E;&#x441;&#x43A;&#x432;&#x430;</subfield>
    <subfield code="c">&#x42D;&#x43A;&#x437;&#x430;&#x43C;&#x435;&#x43D;</subfield>
    <subfield code="d">2006</subfield>
  </datafield>
  <datafield tag="215" ind1=" " ind2=" ">
    <subfield code="a">157, [1] &#x441;.</subfield>
    <subfield code="c">&#x438;&#x43B;.</subfield>
    <subfield code="d">20</subfield>
  </datafield>
  <datafield tag="320" ind1=" " ind2=" ">
    <subfield code="a">&#x411;&#x438;&#x431;&#x43B;&#x438;&#x43E;&#x433;&#x440;. &#x432; &#x43A;&#x43E;&#x43D;&#x446;&#x435; &#x43A;&#x43D;. (25 &#x43D;&#x430;&#x437;&#x432;.)</subfield>
  </datafield>
  <datafield tag="606" ind1="1" ind2=" ">
    <subfield code="a">&#x423;&#x441;&#x43B;&#x443;&#x433;&#x438; &#x444;&#x438;&#x43D;&#x430;&#x43D;&#x441;&#x43E;&#x432;&#x44B;&#x435;</subfield>
    <subfield code="9">2187867</subfield>
    <subfield code="3">RU\NLR\auth\661315355</subfield>
  </datafield>
  <datafield tag="610" ind1="0" ind2=" ">
    <subfield code="a">&#x42D;&#x43A;&#x43E;&#x43D;&#x43E;&#x43C;&#x438;&#x43A;&#x430; -- &#x41C;&#x438;&#x440;&#x43E;&#x432;&#x430;&#x44F; &#x44D;&#x43A;&#x43E;&#x43D;&#x43E;&#x43C;&#x438;&#x43A;&#x430; -- &#x424;&#x438;&#x43D;&#x430;&#x43D;&#x441;&#x44B; -- &#x418;&#x43D;&#x442;&#x435;&#x433;&#x440;&#x430;&#x446;&#x438;&#x44F;</subfield>
  </datafield>
  <datafield tag="610" ind1="0" ind2=" ">
    <subfield code="a">&#x441;&#x43B;&#x438;&#x44F;&#x43D;&#x438;&#x435; &#x43E;&#x440;&#x433;&#x430;&#x43D;&#x438;&#x437;&#x430;&#x446;&#x438;&#x439;</subfield>
  </datafield>
  <datafield tag="686" ind1=" " ind2=" ">
    <subfield code="a">&#x423;526-43,0</subfield>
    <subfield code="2">rubbk</subfield>
  </datafield>
  <datafield tag="686" ind1=" " ind2=" ">
    <subfield code="a">&#x423;26(0)</subfield>
  </datafield>
  <datafield tag="700" ind1=" " ind2="1">
    <subfield code="a">&#x414;&#x440;&#x43E;&#x433;&#x43E;&#x431;&#x44B;&#x446;&#x43A;&#x438;&#x439;</subfield>
    <subfield code="b">&#x410;. &#x418;.</subfield>
    <subfield code="g">&#x410;&#x43D;&#x434;&#x440;&#x435;&#x439; &#x418;&#x432;&#x430;&#x43D;&#x43E;&#x432;&#x438;&#x447;</subfield>
    <subfield code="4">070</subfield>
  </datafield>
  <datafield tag="801" ind1=" " ind2="0">
    <subfield code="a">RU</subfield>
    <subfield code="b">&#x420;&#x41A;&#x41F;</subfield>
    <subfield code="c">20060524</subfield>
    <subfield code="g">rcr</subfield>
  </datafield>
  <datafield tag="801" ind1=" " ind2="1">
    <subfield code="a">RU</subfield>
    <subfield code="b">&#x420;&#x413;&#x411;</subfield>
    <subfield code="c">20060524</subfield>
  </datafield>
  <datafield tag="801" ind1=" " ind2="2">
    <subfield code="a">RU</subfield>
    <subfield code="b">NLR</subfield>
    <subfield code="c">20060717</subfield>
    <subfield code="g">rcr</subfield>
  </datafield>
  <datafield tag="942" ind1=" " ind2=" ">
    <subfield code="c">BOOK</subfield>
  </datafield>
  <datafield tag="980" ind1=" " ind2=" ">
    <subfield code="a">NB</subfield>
  </datafield>
  <datafield tag="995" ind1=" " ind2=" ">
    <subfield code="5">2006-07-17</subfield>
    <subfield code="a">ad</subfield>
    <subfield code="b">NLR01</subfield>
    <subfield code="c">NLR01</subfield>
    <subfield code="e">RF3</subfield>
    <subfield code="f">2229175</subfield>
    <subfield code="k">2006-3/19441</subfield>
    <subfield code="o">0</subfield>
    <subfield code="r">BOOK</subfield>
    <subfield code="s">2006319441_</subfield>
  </datafield>
  <datafield tag="995" ind1=" " ind2=" ">
    <subfield code="5">2006-07-17</subfield>
    <subfield code="a">ad</subfield>
    <subfield code="b">NLR01</subfield>
    <subfield code="c">NLR01</subfield>
    <subfield code="e">RF3</subfield>
    <subfield code="f">2229176</subfield>
    <subfield code="k">2006-3/19441</subfield>
    <subfield code="o">0</subfield>
    <subfield code="r">BOOK</subfield>
    <subfield code="s">2006319441_</subfield>
  </datafield>
</record>
